| 000 | 00531cam a2200193 4500 | ||
|---|---|---|---|
| 001 | J91754 | ||
| 008 | 090401t1998 xxu||||| |||| 00| 0 eng d | ||
| 035 | _a(Sirsi) u86254 | ||
| 041 | _aeng | ||
| 050 | _a333.33 | ||
| 110 |
_aNational Association of Estate Agents _9886 |
||
| 245 | _aHousing market economic report. - No. 1 (April 1998) | ||
| 260 |
_aWarwick _bNational Association of Estate Agents _c1998 |
||
| 300 | _a1 pt. ; 30cm. | ||
| 350 | _a0 | ||
| 520 | _aPublished twice a year. | ||
| 942 | _n0 | ||
| 948 | _c15/05/1998 | ||
| 999 |
_c97125 _d97125 |
||